000
00452nam a2200169Ia 4500
008
090711s9999 xx 000 0 und d
082
_b
59075
100
_a
वालावलकर सी. पु.
245
_a
होळी
260
_c
1976
300
_a
179
600
_a
वालावलकर सी. पु.
630
_a
होळी
700
_a
वालावलकर सी. पु.
730
_a
होळी
942
_c
BOOK
999
_c
310121
_d
310121